| 000 | 00348nam a2200133Ia 4500 | ||
|---|---|---|---|
| 008 | 240112s1967 JAN-JUN xx 000 0 und d | ||
| 041 | _aeng | ||
| 082 | _a618.9205 | ||
| 100 | _aWEECH A.A. | ||
| 245 | _aAMERICAN JOUNAL OF DISEASES OF CHILDREN | ||
| 260 |
_bAMERICAN MEDICAL ASS. PUB. _c1967 JAN-JUN |
||
| 300 | _a766,HB | ||
| 440 | _v113 | ||
| 999 |
_c1141992 _d1141992 |
||